000 00628nam a2200181Ia 4500
001 23423
003 GE_BSU
008 181216s||||||||xx |||||||||||||| ||und||
040 _cGE_BSU
245 _aНефтегазовые технологии и аналитика. № 8 август 2018
245 _bНаучно-технический журнал. CD
245 _cГл. ред. Кутасова Н.В.
300 _e1CD
653 _aНефтегазовые технологии и аналитика. № 8 ажгуст 2018
653 _aПериодика
653 _aპერიოდიკა
942 _cCR
999 _c56310
_d56310